<?xml version="1.0" encoding="UTF-8"?><?xml-stylesheet type="text/xsl" href="static/style.xsl"?><OAI-PMH xmlns="http://www.openarchives.org/OAI/2.0/" xmlns:xsi="http://www.w3.org/2001/XMLSchema-instance" xsi:schemaLocation="http://www.openarchives.org/OAI/2.0/ http://www.openarchives.org/OAI/2.0/OAI-PMH.xsd"><responseDate>2026-04-17T17:32:27Z</responseDate><request verb="GetRecord" identifier="oai:www.recercat.cat:2072/418154" metadataPrefix="marc">https://recercat.cat/oai/request</request><GetRecord><record><header><identifier>oai:recercat.cat:2072/418154</identifier><datestamp>2024-12-20T09:13:16Z</datestamp><setSpec>com_2072_98</setSpec><setSpec>col_2072_378193</setSpec></header><metadata><record xmlns="http://www.loc.gov/MARC21/slim" xmlns:dcterms="http://purl.org/dc/terms/" xmlns:xsi="http://www.w3.org/2001/XMLSchema-instance" xmlns:doc="http://www.lyncode.com/xoai" xsi:schemaLocation="http://www.loc.gov/MARC21/slim http://www.loc.gov/standards/marcxml/schema/MARC21slim.xsd">
   <leader>00925njm 22002777a 4500</leader>
   <datafield ind2=" " ind1=" " tag="042">
      <subfield code="a">dc</subfield>
   </datafield>
   <datafield ind2=" " ind1=" " tag="720">
      <subfield code="a">Baucells Sánchez, María Dolores</subfield>
      <subfield code="e">author</subfield>
   </datafield>
   <datafield ind2=" " ind1=" " tag="260">
      <subfield code="c">2010</subfield>
   </datafield>
   <datafield ind2=" " ind1=" " tag="520">
      <subfield code="a">La existencia de productos de ampliadisponibilidad y aceptación por parte del consumidor,tales como loshuevos y la carne de pollo han promovido la investigación para diversificar la oferta, modificando y mejorando nutritivamente dichos productos. Ello ha permitido hasta el presente la aparición de nuevos productos destinados al consumo humano con peculiaridades nutritivas beneficiosas en lo que recientemente se ha dado en llamarnutracéuticos. Numerosos foros se dedican en la actualidad a la calidad de la carne de pollo y huevos, en las que se refleja el interés despertado en el sector por este tema.</subfield>
   </datafield>
   <datafield tag="653" ind2=" " ind1=" ">
      <subfield code="a">Carn de pollastre</subfield>
   </datafield>
   <datafield tag="653" ind2=" " ind1=" ">
      <subfield code="a">Pollastres</subfield>
   </datafield>
   <datafield ind2="0" ind1="0" tag="245">
      <subfield code="a">Mejora Nutricional de la carne de pollo. Comunicación Arenys de mar</subfield>
   </datafield>
</record></metadata></record></GetRecord></OAI-PMH>